[Event "Mar del Plata op 51st"]
[Site "Mar del Plata"]
[Date "2022.04.12"]
[Round "5"]
[White "Anino, Sergio"]
[Black "Fiorito, Fabian"]
[Result "0-1"]
[WhiteElo "2138"]
[BlackElo "2356"]
[PlyCount "66"]
[EventDate "2022.04.09"]
[EventType "swiss"]
[EventRounds "9"]
[EventCountry "ARG"]
[SourceTitle "CBM 208 Extra"]
[Source "ChessBase"]
[SourceDate "2022.07.31"]
[SourceVersion "1"]
[SourceVersionDate "2022.07.31"]
[SourceQuality "1"]

1. d4 d6 2. Nf3 Bg4 3. Nbd2 c6 4. h3 Bh5 5. b3 e6 6. Bb2 Nf6 7. e3 d5 8. g4 Bg6 9. Ne5 Nfd7 10. Nxg6 hxg6 11. Bg2 Bd6 12. Qe2 Nf6 13. c4 Nbd7 14. g5 Nh5 15. h4 Qe7 16. Rc1 a5 17. a4 Bb4 18. 0-0 f6 19. Nf3 Bd6 20. Qc2 Qf7 21. Rfe1 0-0 22. Bh3 Rae8 23. Bg4 Re7 24. Rcd1 Bb4 25. Re2 Bd6 26. Bc1 e5 27. cxd5 cxd5 28. gxf6 Qxf6 29. dxe5 Nxe5 30. Nxe5 Rxe5 31. Bb2 Qxh4 32. Qxg6 Rf6 33. Be6+ Rfxe6 0-1

[Event "Mar del Plata 1st Cat RAM"]
[Site "Mar del Plata"]
[Date "2019.11.28"]
[Round "13"]
[White "Castillo, Pedro Alberto"]
[Black "Anino, Sergio"]
[Result "0-1"]
[WhiteElo "1506"]
[BlackElo "2212"]
[PlyCount "30"]
[EventDate "2019.11.05"]
[EventType "tourn"]
[EventRounds "13"]
[EventCountry "ARG"]
[SourceTitle "EXT 2021"]
[Source "ChessBase"]
[SourceDate "2020.10.23"]
[SourceVersion "1"]
[SourceVersionDate "2020.10.23"]
[SourceQuality "1"]

1. e4 c5 2. d3 Nc6 3. g3 e5 4. Bg2 Nge7 5. Nc3 g6 6. f4 d6 7. Nf3 Bg7 8. 0-0 0-0 9. f5 gxf5 10. Nh4 f4 11. Qh5 Nd4 12. gxf4 Ng6 13. Nxg6 fxg6 14. Qd1 Qh4 15. Nd5 Bg4 0-1

[Event "Mar del Plata 1st Cat RAM"]
[Site "Mar del Plata"]
[Date "2019.11.21"]
[Round "10"]
[White "Anino, Sergio"]
[Black "Olmos, Cesar"]
[Result "1-0"]
[WhiteElo "2212"]
[BlackElo "1751"]
[PlyCount "93"]
[EventDate "2019.11.05"]
[EventType "tourn"]
[EventRounds "13"]
[EventCountry "ARG"]
[SourceTitle "EXT 2021"]
[Source "ChessBase"]
[SourceDate "2020.10.23"]
[SourceVersion "1"]
[SourceVersionDate "2020.10.23"]
[SourceQuality "1"]

1. d4 d5 2. Nf3 Nf6 3. c4 c6 4. e3 Bg4 5. Qb3 Qb6 6. Ne5 e6 7. Nxg4 Nxg4 8. Qc2 Nf6 9. Bd3 Be7 10. Nd2 Bb4 11. 0-0 Bxd2 12. Bxd2 0-0 13. c5 Qc7 14. f4 Nbd7 15. g4 g6 16. g5 Nh5 17. Kg2 Ng7 18. h4 Nf5 19. h5 f6 20. hxg6 hxg6 21. gxf6 Nxf6 22. Rh1 Kg7 23. Kf3 Rh8 24. Rag1 Rxh1 25. Rxh1 Rh8 26. Qd1 Qd8 27. Qg1 Rxh1 28. Qxh1 Nh5 29. Be1 Qf6 30. Qh2 Kh6 31. Bf2 Kg7 32. b4 Qd8 33. a4 b6 34. Be1 bxc5 35. dxc5 Qe7 36. Qb2+ Kh7 37. Qe5 Nhg7 38. Bc3 d4 39. Bxd4 Nxd4+ 40. exd4 Qh4 41. b5 Nh5 42. Bxg6+ Kxg6 43. Qg5+ Qxg5 44. fxg5 Ng7 45. b6 axb6 46. cxb6 Ne8 47. b7 1-0

[Event "Mar del Plata 1st Cat RAM"]
[Site "Mar del Plata"]
[Date "2019.11.12"]
[Round "5"]
[White "Loiterstein, Mariano"]
[Black "Anino, Sergio"]
[Result "1/2-1/2"]
[WhiteElo "2009"]
[BlackElo "2212"]
[PlyCount "26"]
[EventDate "2019.11.05"]
[EventType "tourn"]
[EventRounds "13"]
[EventCountry "ARG"]
[SourceTitle "EXT 2021"]
[Source "ChessBase"]
[SourceDate "2020.10.23"]
[SourceVersion "1"]
[SourceVersionDate "2020.10.23"]
[SourceQuality "1"]

1. d4 d5 2. c4 e6 3. Nf3 c6 4. Qc2 dxc4 5. Qxc4 Nf6 6. g3 Nbd7 7. Bg2 Bd6 8. 0-0 0-0 9. Bf4 Be7 10. Nc3 Nd5 11. Bd2 N5b6 12. Qd3 c5 13. dxc5 Nxc5 1/2-1/2

[Event "Marplatense Elo op"]
[Site "Argentina"]
[Date "2018.10.17"]
[Round "5"]
[White "Loiterstein, Mariano"]
[Black "Anino, Sergio"]
[Result "1/2-1/2"]
[WhiteElo "2056"]
[BlackElo "2187"]
[PlyCount "35"]
[EventDate "2018.10.08"]
[EventType "swiss"]
[EventRounds "9"]
[EventCountry "ARG"]
[SourceTitle "CBM 187 Extra"]
[Source "ChessBase"]
[SourceDate "2018.11.04"]
[SourceVersion "1"]
[SourceVersionDate "2018.11.04"]
[SourceQuality "1"]

1. d4 d5 2. c4 e6 3. Nc3 c6 4. cxd5 exd5 5. Qc2 Bd6 6. Nf3 Ne7 7. e4 dxe4 8. Nxe4 Bb4+ 9. Bd2 Bxd2+ 10. Qxd2 0-0 11. Bc4 Nd7 12. 0-0 Nb6 13. Bb3 Ng6 14. h3 Nd5 15. Rfe1 Ngf4 16. Bxd5 Nxd5 17. Nc5 Qf6 18. Ne5 1/2-1/2

[Event "Marplatense Elo op"]
[Site "Argentina"]
[Date "2018.10.10"]
[Round "2"]
[White "Anino, Sergio"]
[Black "Cuello Alcaria, Juan Ignacio"]
[Result "1-0"]
[WhiteElo "2187"]
[BlackElo "1926"]
[PlyCount "93"]
[EventDate "2018.10.08"]
[EventType "swiss"]
[EventRounds "9"]
[EventCountry "ARG"]
[SourceTitle "CBM 187 Extra"]
[Source "ChessBase"]
[SourceDate "2018.11.04"]
[SourceVersion "1"]
[SourceVersionDate "2018.11.04"]
[SourceQuality "1"]

1. d4 Nf6 2. c4 b6 3. Nc3 Bb7 4. f3 d5 5. cxd5 Nxd5 6. e4 Nxc3 7. bxc3 g6 8. Bc4 Bg7 9. Qb3 0-0 10. h4 e5 11. Ba3 exd4 12. Bxf8 Qxf8 13. cxd4 c5 14. Rd1 cxd4 15. Ne2 Nc6 16. Bd5 Na5 17. Qd3 Bxd5 18. exd5 Rd8 19. h5 Rxd5 20. hxg6 hxg6 21. Rc1 b5 22. Rc7 Nc4 23. Kf2 Nb2 24. Qb3 Qd8 25. Rc8 Qxc8 26. Qxd5 d3 27. Rc1 Qb8 28. Ng3 Bh6 29. Rc6 Nd1+ 30. Ke1 Qxg3+ 31. Kxd1 Qf4 32. Qxd3 Bg7 33. Qxb5 Qd4+ 34. Ke2 Qd8 35. Qc4 Qe7+ 36. Qe4 Qg5 37. f4 Qb5+ 38. Kf3 Qa5 39. Qe8+ Bf8 40. Rc8 Qa3+ 41. Kg4 Kg7 42. Qe5+ Kh7 43. Rc3 f5+ 44. Kh3 Qxa2 45. Kh2 Qg8 46. Rc7+ Bg7 47. Qf6 1-0

[Event "ARG-ch sf 93rd"]
[Site "Buenos Aires"]
[Date "2018.05.25"]
[Round "7"]
[White "Aguilar Samper, Valentin"]
[Black "Anino, Sergio"]
[Result "0-1"]
[WhiteElo "1966"]
[BlackElo "2181"]
[PlyCount "94"]
[EventDate "2018.05.19"]
[EventType "swiss"]
[EventRounds "9"]
[EventCountry "ARG"]
[SourceTitle "CBM 184 Extra"]
[Source "ChessBase"]
[SourceDate "2018.06.28"]
[SourceVersion "1"]
[SourceVersionDate "2018.06.28"]
[SourceQuality "1"]

1. Nf3 d5 2. c4 c6 3. e3 Nf6 4. Be2 g6 5. 0-0 Bg7 6. Nc3 0-0 7. b3 Ne4 8. Bb2 dxc4 9. bxc4 Nxc3 10. Bxc3 Bxc3 11. dxc3 Qa5 12. Qb3 Na6 13. Rfd1 Rb8 14. h3 h6 15. Rd2 e5 16. Rad1 Be6 17. Bf1 Rfe8 18. Qc2 Nc5 19. e4 f6 20. Rd6 Kg7 21. Nd2 Na4 22. Rd3 Nb6 23. Rd6 Qa3 24. Nb3 Bxc4 25. Bxc4 Nxc4 26. Rd7+ Re7 27. Qe2 Nb6 28. R7d6 Nd5 29. R6xd5 cxd5 30. exd5 b5 31. h4 h5 32. g4 hxg4 33. Qxg4 f5 34. Qe2 Qd6 35. Na5 Rh8 36. Nc6 Ree8 37. Qxb5 Rxh4 38. Qb7+ Kf6 39. Rd2 e4 40. Kf1 e3 41. fxe3 Rxe3 42. Qb8 Qxb8 43. Nxb8 Rxc3 44. Nc6 Rc1+ 45. Kg2 Rch1 46. Kf3 R1h3+ 47. Ke2 Rh2+ 0-1

[Event "ARG-ch sf 93rd"]
[Site "Buenos Aires"]
[Date "2018.05.23"]
[Round "5"]
[White "Sorin, Ariel"]
[Black "Anino, Sergio"]
[Result "1-0"]
[WhiteElo "2405"]
[BlackElo "2181"]
[PlyCount "121"]
[EventDate "2018.05.19"]
[EventType "swiss"]
[EventRounds "9"]
[EventCountry "ARG"]
[SourceTitle "CBM 184 Extra"]
[Source "ChessBase"]
[SourceDate "2018.06.28"]
[SourceVersion "1"]
[SourceVersionDate "2018.06.28"]
[SourceQuality "1"]

1. d4 d5 2. c4 e6 3. Nc3 c6 4. Bf4 dxc4 5. e3 b5 6. a4 Nf6 7. axb5 cxb5 8. Nxb5 Bb4+ 9. Nc3 Nd5 10. Nge2 0-0 11. Bg3 f5 12. Qd2 a5 13. Nf4 g5 14. Nfxd5 exd5 15. Be2 Nd7 16. h4 Nf6 17. f3 g4 18. Be5 a4 19. Kf2 Qa5 20. e4 f4 21. Bxf4 Be6 22. e5 Ne4+ 23. fxe4 Bxc3 24. bxc3 Rxf4+ 25. Kg3 Rf7 26. exd5 Bxd5 27. Rhf1 Raf8 28. Rxf7 Rxf7 29. Ra3 Rb7 30. Qg5+ Kh8 31. Qf6+ Kg8 32. Bxg4 Rb3 33. Be6+ Bxe6 34. Qxe6+ Kf8 35. Qf6+ Kg8 36. Qg5+ Kf8 37. Ra2 Qxc3+ 38. Kh2 Qe3 39. Qxe3 Rxe3 40. Rxa4 c3 41. Rc4 Ke7 42. Rc7+ Ke6 43. Rxh7 Re4 44. g3 Rxd4 45. Ra7 Rd2+ 46. Kh3 c2 47. Rc7 Kf5 48. h5 Kg5 49. e6 Kf6 50. g4 Kxe6 51. Kh4 Kf6 52. Rc6+ Kg7 53. g5 Rh2+ 54. Kg4 Rg2+ 55. Kf4 Rf2+ 56. Kg3 Rf5 57. Rc7+ Kg8 58. Kg4 Rf2 59. h6 Re2 60. Kf5 Rf2+ 61. Ke4 1-0

[Event "ARG-ch sf 93rd"]
[Site "Buenos Aires"]
[Date "2018.05.19"]
[Round "1"]
[White "Fernandes, Martin"]
[Black "Anino, Sergio"]
[Result "0-1"]
[WhiteElo "1797"]
[BlackElo "2181"]
[PlyCount "86"]
[EventDate "2018.05.19"]
[EventType "swiss"]
[EventRounds "9"]
[EventCountry "ARG"]
[SourceTitle "CBM 184 Extra"]
[Source "ChessBase"]
[SourceDate "2018.06.28"]
[SourceVersion "1"]
[SourceVersionDate "2018.06.28"]
[SourceQuality "1"]

1. e4 e5 2. Nf3 d6 3. d4 Nf6 4. dxe5 Nxe4 5. Qd5 Nc5 6. Bg5 Be7 7. exd6 Qxd6 8. Qxd6 Bxd6 9. Nc3 Ne6 10. Bc4 Nxg5 11. Nxg5 0-0 12. Nce4 Bf4 13. Rd1 Nc6 14. 0-0 Ne5 15. Bb3 h6 16. Nh3 Nf3+ 17. Kh1 Be5 18. Rd3 Nxh2 19. f4 Nxf1 20. fxe5 Bf5 21. Nhf2 Rad8 22. g4 Rxd3 23. cxd3 Be6 24. Bxe6 fxe6 25. Kg2 Ne3+ 26. Kg3 b6 27. Nh3 Nd1 28. b3 g5 29. Nhf2 Nxf2 30. Nxf2 Rxf2 31. Kxf2 c5 32. Ke3 Kg7 33. d4 cxd4+ 34. Kxd4 h5 35. gxh5 Kh6 36. a4 g4 37. b4 g3 38. Ke3 Kxh5 39. Kf3 Kh4 40. Kg2 a6 41. a5 b5 42. Kg1 Kg4 43. Kg2 Kf4 0-1

[Event "Mar del Plata"]
[Site "Mar del Plata"]
[Date "2017.10.25"]
[Round "5"]
[White "Anino, Sergio"]
[Black "Cuello Alcaria, Juan Ignacio"]
[Result "1-0"]
[WhiteElo "2132"]
[BlackElo "1894"]
[PlyCount "83"]
[EventDate "2017.10.16"]
[EventType "tourn"]
[EventRounds "11"]
[EventCountry "ARG"]
[SourceTitle "CBM 181 Extra"]
[Source "ChessBase"]
[SourceDate "2017.12.12"]
[SourceVersion "1"]
[SourceVersionDate "2017.12.12"]
[SourceQuality "1"]

1. c4 c5 2. Nc3 Nf6 3. e4 Nc6 4. g3 g6 5. Bg2 Bg7 6. Nge2 d6 7. 0-0 0-0 8. a3 Rb8 9. Rb1 Ng4 10. h3 Nge5 11. d3 a6 12. b4 cxb4 13. axb4 b5 14. cxb5 axb5 15. f4 Nd7 16. Be3 e6 17. Qc2 Ba6 18. Rfc1 Rc8 19. Qa2 Ndb8 20. Bf2 Qd7 21. d4 Ne7 22. Rb2 Rc4 23. Nd1 Rxc1 24. Nxc1 e5 25. fxe5 dxe5 26. d5 h5 27. Nd3 Kh7 28. Nc5 Qd6 29. Nc3 f5 30. Nxa6 Qxa6 31. Qxa6 Nxa6 32. Nxb5 Rb8 33. Nc3 Bf8 34. b5 Nc8 35. Na4 Nb4 36. Bf1 fxe4 37. b6 Nxd5 38. b7 Nd6 39. Bc5 e3 40. Rb1 Nf6 41. Ba6 Nfe4 42. Ba7 1-0

[Event "Villa Martelli ProAm op 24th"]
[Site "Villa Martelli"]
[Date "2017.10.01"]
[Round "2"]
[White "Fuentes, Diego"]
[Black "Anino, Sergio"]
[Result "0-1"]
[WhiteElo "1571"]
[BlackElo "2132"]
[PlyCount "98"]
[EventDate "2017.10.01"]
[EventType "swiss"]
[EventRounds "9"]
[EventCountry "ARG"]
[SourceTitle "CBM 181 Extra"]
[Source "ChessBase"]
[SourceDate "2017.12.12"]
[SourceVersion "1"]
[SourceVersionDate "2017.12.12"]
[SourceQuality "1"]

1. e4 e5 2. Nf3 Nc6 3. Bc4 Bc5 4. c3 Nf6 5. d3 d6 6. Nbd2 a6 7. Bb3 Ba7 8. 0-0 0-0 9. Bc2 d5 10. Nb3 Be6 11. Bg5 dxe4 12. dxe4 Qxd1 13. Raxd1 Nd7 14. h3 f6 15. Bc1 Rfd8 16. Rd2 Nf8 17. Rfd1 Rxd2 18. Rxd2 b5 19. Re2 Rd8 20. Rd2 Rb8 21. Re2 a5 22. Be3 Bxe3 23. Rxe3 a4 24. Nc1 Nd7 25. a3 Na5 26. Nd2 Nc4 27. Nxc4 bxc4 28. Bxa4 Nc5 29. Bc6 Rxb2 30. Kf1 Rc2 31. Ne2 Ra2 32. g4 Rxa3 33. f4 Nd3 34. f5 Bf7 35. Kg2 Kf8 36. Kg3 Ke7 37. Rf3 Kd6 38. Bb7 Nc5 39. Bd5 Bxd5 40. exd5 Ne4+ 41. Kh4 Kxd5 42. Re3 Ra1 43. Ng3 Nxg3 44. Kxg3 Rd1 45. h4 e4 46. g5 Rd3 47. Kf4 Rxe3 48. Kxe3 Ke5 49. g6 h5 0-1

[Event "ARG-ch sf 92nd"]
[Site "Buenos Aires"]
[Date "2017.07.11"]
[Round "2"]
[White "Fiorito, Fabian"]
[Black "Anino, Sergio"]
[Result "1/2-1/2"]
[WhiteElo "2392"]
[BlackElo "2144"]
[PlyCount "80"]
[EventDate "2017.07.10"]
[EventType "swiss"]
[EventRounds "9"]
[EventCountry "ARG"]
[SourceTitle "EXT 2018"]
[Source "ChessBase"]
[SourceDate "2017.10.13"]
[SourceVersion "1"]
[SourceVersionDate "2017.10.13"]
[SourceQuality "1"]

1. e4 e5 2. Nf3 Nc6 3. Bb5 a6 4. Ba4 Nf6 5. 0-0 Be7 6. Re1 b5 7. Bb3 0-0 8. a4 b4 9. d3 d6 10. a5 Rb8 11. Bc4 Be6 12. Nbd2 Nd7 13. b3 Nc5 14. Bb2 Bf6 15. Bxe6 fxe6 16. Nc4 Rb5 17. Qd2 Qe8 18. d4 exd4 19. Nxd4 Nxd4 20. Bxd4 Qg6 21. Bxf6 gxf6 22. f3 Nb7 23. f4 Qh5 24. Ne3 Qc5 25. Kh1 Qc3 26. Qe2 Kh8 27. Rad1 Nc5 28. Nc4 Rg8 29. Rf1 f5 30. e5 d5 31. Rf3 Ne4 32. Rxc3 Nxc3 33. Qe1 Nxd1 34. Nd2 Nc3 35. Nf3 Ne4 36. Nd4 Rxa5 37. Nxe6 Ra2 38. Ng5 Rxc2 39. h3 Nf2+ 40. Kh2 h6 1/2-1/2

[Event "Villa Martelli zt 2.5"]
[Site "Villa Martelli"]
[Date "2017.05.06"]
[Round "7"]
[White "Postolski, Javier"]
[Black "Anino, Sergio"]
[Result "0-1"]
[WhiteElo "1994"]
[BlackElo "2150"]
[PlyCount "124"]
[EventDate "2017.04.30"]
[EventType "swiss"]
[EventRounds "9"]
[EventCountry "ARG"]
[SourceTitle "CBM 178 Extra"]
[Source "ChessBase"]
[SourceDate "2017.06.22"]
[SourceVersion "1"]
[SourceVersionDate "2017.06.22"]
[SourceQuality "1"]

1. d4 d5 2. Nf3 c6 3. c4 e6 4. g3 dxc4 5. Bg2 b5 6. 0-0 Bb7 7. b3 cxb3 8. Qxb3 Nf6 9. a4 b4 10. Ne5 a5 11. Rd1 Be7 12. Na3 0-0 13. Nac4 Nd5 14. Bb2 Na6 15. Rac1 Rc8 16. e4 Nf6 17. g4 h6 18. h4 Nh7 19. Ne3 Bxh4 20. d5 cxd5 21. exd5 Rxc1 22. Rxc1 exd5 23. Nxd5 Bc8 24. Rc6 Nb8 25. Rc1 Be6 26. Rd1 Nf6 27. Nxf6+ Qxf6 28. Qc2 Rc8 29. Qd2 Bg5 30. Qd3 Qf4 31. Bb7 Re8 32. Qb5 Rf8 33. Rd4 Qf6 34. Nd3 Qe7 35. Re4 Qd7 36. f4 Qxb5 37. axb5 Bd8 38. f5 Bb6+ 39. Bd4 Bxd4+ 40. Rxd4 Bc8 41. Nc5 g6 42. f6 Be6 43. Be4 Bxg4 44. b6 h5 45. b7 Kh7 46. Bd5 Rd8 47. Kf2 Be6 48. Bxe6 Rxd4 49. Ke3 Rd6 50. Bxf7 Rxf6 51. Bd5 Rf5 52. Ke4 h4 53. Kd4 Rxd5+ 54. Kxd5 h3 55. Ne4 h2 56. Nf2 b3 57. Kd6 b2 58. Kc7 Na6+ 59. Kb6 b1Q+ 60. Kxa6 Qf1+ 61. Kxa5 Qxf2 62. b8Q Qa2+ 0-1

[Event "Villa Martelli zt 2.5"]
[Site "Villa Martelli"]
[Date "2017.05.04"]
[Round "6"]
[White "Anino, Sergio"]
[Black "Heinechen, John"]
[Result "1/2-1/2"]
[WhiteElo "2150"]
[BlackElo "1938"]
[PlyCount "76"]
[EventDate "2017.04.30"]
[EventType "swiss"]
[EventRounds "9"]
[EventCountry "ARG"]
[SourceTitle "CBM 178 Extra"]
[Source "ChessBase"]
[SourceDate "2017.06.22"]
[SourceVersion "1"]
[SourceVersionDate "2017.06.22"]
[SourceQuality "1"]

1. d4 Nf6 2. c4 g6 3. Nc3 Bg7 4. e4 d6 5. Nf3 0-0 6. Be2 e5 7. d5 a5 8. Bg5 h6 9. Bh4 Qe8 10. Nd2 Bd7 11. 0-0 Na6 12. b3 Nh7 13. a3 h5 14. f3 Bh6 15. Rb1 Be3+ 16. Kh1 Bc5 17. Qc1 g5 18. Bg3 h4 19. Bf2 b6 20. Bxc5 bxc5 21. Re1 f6 22. Nf1 Rf7 23. f4 exf4 24. Bh5 Qe5 25. Bxf7+ Kxf7 26. Nd2 g4 27. Nb5 h3 28. gxh3 Ng5 29. hxg4 Bxg4 30. Qc3 Rg8 31. h4 Nf3 32. Nxf3 Qxc3 33. Nxc3 Bxf3+ 34. Kh2 Rg2+ 35. Kh3 Rg3+ 36. Kh2 Rg2+ 37. Kh3 Rg3+ 38. Kh2 Rg2+ 1/2-1/2

[Event "Villa Martelli zt 2.5"]
[Site "Villa Martelli"]
[Date "2017.05.04"]
[Round "5"]
[White "Montero Martinez, Cristian"]
[Black "Anino, Sergio"]
[Result "1/2-1/2"]
[WhiteElo "2050"]
[BlackElo "2150"]
[PlyCount "50"]
[EventDate "2017.04.30"]
[EventType "swiss"]
[EventRounds "9"]
[EventCountry "ARG"]
[SourceTitle "CBM 178 Extra"]
[Source "ChessBase"]
[SourceDate "2017.06.22"]
[SourceVersion "1"]
[SourceVersionDate "2017.06.22"]
[SourceQuality "1"]

1. d4 d5 2. c4 e6 3. Nc3 c6 4. e4 dxe4 5. Nxe4 Bb4+ 6. Nc3 c5 7. a3 Ba5 8. Be3 Nf6 9. Nf3 Nc6 10. h3 Ne4 11. Qd3 Nxc3 12. bxc3 cxd4 13. Nxd4 e5 14. Nb5 Qxd3 15. Bxd3 0-0 16. Ke2 Be6 17. c5 Rad8 18. Nd6 Bxc3 19. Nxb7 Rb8 20. Rab1 Ba2 21. Be4 Bxb1 22. Rxb1 Rfc8 23. Kd3 Bd4 24. Nd6 Rxb1 25. Nxc8 Rb3+ 1/2-1/2

[Event "ARG-ch sf"]
[Site "Vicente Lopez"]
[Date "2016.06.27"]
[Round "4"]
[White "Anino, Sergio"]
[Black "Malbran, Guillermo"]
[Result "0-1"]
[WhiteElo "2132"]
[BlackElo "2235"]
[PlyCount "48"]
[EventDate "2016.06.25"]
[EventType "swiss"]
[EventRounds "9"]
[EventCountry "ARG"]
[SourceTitle "CBM 173 Extra"]
[Source "ChessBase"]
[SourceDate "2016.08.29"]
[SourceVersion "1"]
[SourceVersionDate "2016.08.29"]
[SourceQuality "1"]

1. d4 Nf6 2. c4 c5 3. d5 b5 4. cxb5 a6 5. bxa6 g6 6. Nc3 Bg7 7. g3 0-0 8. Bg2 d6 9. Nf3 Qa5 10. 0-0 Nxa6 11. Nd2 Nc7 12. Re1 Ba6 13. Nde4 Nxe4 14. Bxe4 Bxc3 15. bxc3 Qxc3 16. Bd2 Qd4 17. Qc2 Qc4 18. Bc3 Nxd5 19. Bxd5 Qxd5 20. Rad1 Qc4 21. Qd2 Bb7 22. Ba1 Rxa2 23. Qh6 f6 24. Qe3 Qe4 0-1